000 01184nam a2200313 i 4500
003 DO-SdBNP
005 20240923144325.0
007 ta
008 240923s1994 sp 000 0 spa d
020 _a8401325568
040 _aDO-SdBNP
_bspa
_cBNPHU
_erda
082 _222
_bC752
100 1 _4aut.
_aConley, Robert J.
_970708
_eautor
240 1 _aGeronimo, an American legend. /
245 1 0 _aGerónimo :
_buna leyenda americana /
_cRobert J. Conley ; traducción de Horacio González Trejo
264 1 _aBarcelona, España :
_bPlaza & Janés,
_c1994.
300 _a219 páginas
_c22 cm.
336 _atexto
_btxt
_2rdacontent
337 _asin mediación
_bn
_2rdamedia
338 _avolumen
_bnc
_2rdacarrier
500 _aNovelización de la película "Geronimo", basada en una historia de John Milius y con guión de John Milius y Larry Gros
500 _aIncluye datos biografícos del autor en la solapa de la portada.
590 _aInventariado, 2024/ YL
700 1 _4trad.
_aGonzález Trejo, Horacio
_e traducción
_948331
700 1 _4gui.
_aMillus, John
_eguión
_986647
700 1 _4gui.
_aGross, Larry
_eguión
_986648
910 _aYLockward
942 _2ddc
_cLBS1
999 _c57740
_d57740